000
00245 a2200097 4500
001
52395
100
_a
Musa M
245
_a
Jawan to General Recollections of Pakistani Soldiers
260
_a
Karachi
_b
East & West Pub.
_c
090
_c
32962
_d
32962
942
_a
NUST-CAE
_c
M
_c
25516
999
_c
287468
_d
287468